[Event "1st WMSG Rapid Team w"]
[Site "Beijing CHN"]
[Date "2008.10.16"]
[Round "7"]
[White "Mrvova,A"]
[Black "Caoili,A"]
[Result "0-1"]
[WhiteElo "2205"]
[BlackElo "2170"]

1.e4 e5 2.Nf3 Nc6 3.Bb5 a6 4.Ba4 Nf6 5.O-O Be7 6.Re1 b5 7.Bb3 d6 8.c3 O-O
9.h3 Nb8 10.d4 Nbd7 11.Nbd2 Bb7 12.Bc2 Re8 13.Nf1 Bf8 14.Ng3 g6 15.Bg5 h6
16.Bd2 Bg7 17.Qc1 Kh7 18.Nh2 h5 19.Bg5 a5 20.Nf3 Qb8 21.Bb3 Rf8 22.a3 c5
23.Bd2 d5 24.dxe5 Nxe5 25.Nxe5 Qxe5 26.exd5 Qd6 27.Bf4 Qd7 28.d6 h4 29.Nf1 Ne4
30.f3 Nxd6 31.Rd1 Ra6 32.Qd2 Rd8 33.Qf2 c4 34.Qxh4+ Kg8 35.Bc2 Re8 36.Qg3 Re6
37.Ne3 Qe7 38.Nd5 Bxd5 39.Rxd5 Re2 40.Rc1 Ne8 41.Rxb5 Qd7 42.Rb8 Rae6 43.Be4 f5
44.Bb1 Qa7+ 45.Kh2 Kf7 46.Ba2 Qc5 47.Rd1 Rf2 48.Bxc4 Qxc4 49.Qxf2 Qxf4+ 50.Qg3 Qxg3+
51.Kxg3 Be5+ 52.f4 Bxb8 53.Rd7+ Re7 54.Rd5 Bc7 55.b4 axb4 56.cxb4 Re3+ 57.Kf2 Rxa3
58.b5 Rb3 59.Rd7+ Ke6 60.Rd1 Rxb5 61.g4 Bxf4 62.Re1+ Kf7 63.Kf3 Bg5 64.gxf5 gxf5
65.Ra1 Nf6 66.Ra7+ Kg6 67.Ra6 Rb3+ 68.Kg2 Bh4 69.Rc6 Kg5 70.Ra6 Ne4 71.Ra8 Kf4
72.Ra4 Rb2+ 73.Kf1 Rc2 74.Ra8 Kf3 75.Ra3+ Rc3 76.Ra1 Bg5 77.Kg1 Rc1+ 78.Rxc1 Bxc1
79.Kh2 Ke2 80.h4 f4 81.h5 f3 82.h6 Bxh6 83.Kh3 Ng5+ 84.Kh2 f2  0-1

[Event "1st WMSG Rapid Team w"]
[Site "Beijing CHN"]
[Date "2008.10.16"]
[Round "9"]
[White "Yanjindulam,D"]
[Black "Caoili,A"]
[Result "0-1"]
[WhiteElo "2286"]
[BlackElo "2170"]

1.e4 e5 2.Nf3 Nc6 3.Bb5 a6 4.Ba4 Nf6 5.O-O Be7 6.Re1 b5 7.Bb3 d6 8.c3 O-O
9.h3 Nb8 10.d4 Nbd7 11.Nbd2 Bb7 12.a4 Re8 13.Ng5 Rf8 14.Bc2 Re8 15.Nf1 Bf8
16.Ng3 g6 17.Qd3 c6 18.b3 Qc7 19.Nf3 Rad8 20.axb5 cxb5 21.d5 Rc8 22.Bd2 b4
23.c4 Nc5 24.Qe2 a5 25.Reb1 Ra8 26.Nh2 h5 27.Bg5 Bg7 28.Ngf1 Bc8 29.g4 hxg4
30.hxg4 Bd7 31.Bd2 Reb8 32.g5 Nh5 33.Ng4 Bxg4 34.Qxg4 a4 35.bxa4 b3 36.Bd1 Nf4
37.Bxf4 exf4 38.Ra3 b2 39.Nd2 Qa5 40.Qxf4 Bc3 41.Nb3 Qb4 42.Nxc5 Qxa3 43.Nd7 Rb7
44.Nf6+ Kg7 45.Qf3 Qb4 46.Bc2 Qxc4 47.Kg2 Rh8 48.Ng4 Bd4 49.Bd3 Qc1 50.Ne3 Rb3
51.Bc2 Rc3 52.Qf4 Rxc2 53.Qxd6 Qxe3 54.Qg3 Rxf2+ 55.Kg1 Qxg3+  0-1

[Event "1st WMSG Rapid Team w KO"]
[Site "Beijing CHN"]
[Date "2008.10.17"]
[Round "2.1"]
[White "Zdebskaja,N"]
[Black "Zhao Xue"]
[Result "1/2-1/2"]
[WhiteElo "2419"]
[BlackElo "2518"]

1.e4 e5 2.Nf3 Nc6 3.Bb5 a6 4.Ba4 Nf6 5.O-O Be7 6.Re1 b5 7.Bb3 d6 8.c3 O-O
9.h3 Nb8 10.d4 Nbd7 11.Nbd2 Bb7 12.Bc2 c5 13.Nf1 cxd4 14.Nxd4 Re8 15.Ng3 d5
16.exd5 Bxd5 17.Ngf5  1/2-1/2

[Event "WYCC Boys U16"]
[Site "Vung Tau City VIE"]
[Date "2008.10.26"]
[Round "7"]
[White "Sethuraman,S"]
[Black "Shyam Sundar,T"]
[Result "1-0"]
[WhiteElo "2441"]
[BlackElo "1830"]

1.e4 e5 2.Nf3 Nc6 3.Bb5 a6 4.Ba4 Nf6 5.O-O Be7 6.Re1 b5 7.Bb3 d6 8.c3 O-O
9.h3 Nb8 10.d4 Nbd7 11.Nbd2 Bb7 12.Bc2 Re8 13.b3 Bf8 14.Bb2 c5 15.d5 Nb6
16.a4 bxa4 17.bxa4 a5 18.Bd3 Ba6 19.Bxa6 Rxa6 20.Qe2 Qa8 21.Reb1 Rb8 22.Bc1 Ra7
23.Rb5 Ne8 24.Ne1 Nc7 25.Rbb1 Rab7 26.Nc2 Nc8 27.Rxb7 Rxb7 28.Na3 Nb6 29.Qd1 Nc8
30.Ndc4 Nb6 31.Nxb6 Rxb6 32.Be3 Qa6 33.Qf1 Rb3 34.Qxa6 Nxa6 35.Bd2 f5 36.Nc4 fxe4
37.Nxa5 Rb2 38.Nc4 Rb3 39.a5 Kf7 40.Kf1 Ke7 41.Ke2 g6 42.Nb6 Kd8 43.Kd1 Rb5
44.Kc2 c4 45.Be3 Kc7 46.Nxc4 Rxd5 47.Rb1 Nb8 48.Ba7 Na6 49.Be3 Nb8 50.Rb6 Nd7
51.Rb2 Nb8 52.Rb3 Be7 53.Nd2 Kc8 54.Ra3 Na6 55.Nxe4 Rb5 56.c4 Rb4 57.Kd3 Rb7
58.Ra1 Kd7 59.Bb6 Nb4+ 60.Ke2 d5 61.cxd5 Nxd5 62.Be3 Rb2+ 63.Kf3 Nc7 64.a6 Rb8
65.a7 Rf8+ 66.Ke2 Kc6 67.Ra5  1-0

[Event "ch-BRA s/f"]
[Site "Dois Irmaos BRA"]
[Date "2008.11.01"]
[Round "4"]
[White "Barbosa,E"]
[Black "Cavalcanti,F"]
[Result "1/2-1/2"]
[WhiteElo "2182"]
[BlackElo "2271"]

1.e4 e5 2.Nf3 Nc6 3.Bb5 a6 4.Ba4 Nf6 5.O-O Be7 6.Re1 b5 7.Bb3 d6 8.c3 O-O
9.h3 Nb8 10.d4 Nbd7 11.Nbd2 Bb7 12.Bc2 Re8 13.Nf1 Bf8 14.Ng3 g6 15.a4 c5
16.d5 c4 17.Bg5 h6 18.Be3 Bg7 19.Qd2 Kh7 20.Nh2 Qc8 21.Rf1 Re7 22.f3 Qf8
23.Ra3 Ree8 24.Rfa1 Nc5 25.axb5 axb5 26.Ra7 Nfd7 27.R7a5 Reb8 28.Ne2 Qd8
29.Rxa8 Rxa8 30.Rf1 Ra2 31.Bb1 Nb3 32.Qc2 Ra1 33.Nc1 Nxc1 34.Qxc1 Nc5 35.Qd2 Qe7  1/2-1/2

[Event "FSIMA November"]
[Site "Budapest HUN"]
[Date "2008.11.08"]
[Round "8"]
[White "Kjartansson,G"]
[Black "Kislik,E"]
[Result "0-1"]
[WhiteElo "2284"]
[BlackElo "2278"]

1.e4 e5 2.Nf3 Nc6 3.Bb5 a6 4.Ba4 Nf6 5.O-O Be7 6.Re1 b5 7.Bb3 d6 8.c3 O-O
9.h3 Nb8 10.d4 Nbd7 11.Nbd2 c6 12.Nf1 Qc7 13.Ng3 Nb6 14.dxe5 dxe5 15.Nf5 Bxf5
16.exf5 Bd6 17.Bg5 Nfd5 18.f6 g6 19.Nd2 Rfe8 20.Qg4 Bf8 21.Qh4 Nd7 22.Ne4 Nc5
23.Bxd5 cxd5 24.Bh6 dxe4 25.Bxf8 Rxf8 26.Qh6 Ne6 27.Rxe4 g5 28.Rg4 Kh8 29.Rxg5 Rg8
30.Rh5 Nf8 31.Rf5 Rg6 32.Qh4 Re8 33.Re1 Qd6 34.g3 h6 35.a4 Nh7 36.axb5 axb5
37.Qe4 Ng5 38.Qb7 Qd3 39.Rfxe5 Rxe5 40.Rxe5 Nf3+ 41.Kg2 Nh4+ 42.Kh2 Rxf6
43.Re8+ Kg7 44.Qa7 Nf3+ 45.Kg2 Qd1 46.h4 Qg1+ 47.Kh3 h5  0-1

[Event "38th Olympiad"]
[Site "Dresden GER"]
[Date "2008.11.13"]
[Round "1"]
[White "Carlsen,M"]
[Black "Ragger,M"]
[Result "1-0"]
[WhiteElo "2786"]
[BlackElo "2518"]

1.e4 e5 2.Nf3 Nc6 3.Bb5 a6 4.Ba4 Nf6 5.O-O Be7 6.Re1 b5 7.Bb3 d6 8.c3 O-O
9.h3 Nb8 10.d4 Nbd7 11.Nbd2 Bb7 12.Bc2 Re8 13.a4 Bf8 14.Bd3 c6 15.b3 Qc7
16.Bb2 g6 17.Qc2 Bg7 18.Bf1 Rac8 19.Rad1 bxa4 20.bxa4 d5 21.dxe5 Nxe4 22.Nxe4 dxe4
23.Ng5 Rxe5 24.Bc1 Re7 25.Rxe4 Ne5 26.f4 h6 27.fxe5 hxg5 28.e6 f5 29.Ree1 Bf6
30.Bc4 Kg7 31.Qd3 Qa5 32.h4 gxh4 33.Qe3 g5 34.Rd7 Re8 35.Rxe7+ Rxe7 36.Ba3 f4
37.Qd3 c5 38.Re2 f3 39.gxf3 Qc7 40.Qe3 h3 41.f4 Qxf4 42.Qxf4 gxf4 43.Bxc5 Re8
44.Bd4 Bc6 45.Kh2 Kg6 46.Bxa6 Bxa4 47.Bd3+ Kg5 48.Ra2 Bxd4 49.cxd4 Bb3 50.Ra5+ Kf6
51.Rf5+ Ke7 52.d5 Kd6 53.Be4 Re7 54.Bf3 Ra7 55.Kxh3 Rg7 56.Rxf4 Ba2 57.Kh4 Bb3
58.Rb4 Ba2 59.Rg4 Rxg4+ 60.Kxg4 Bb1 61.Kf4 Bh7 62.Bg2 Bg6 63.Kg5 Be8 64.Kf6 Bh5
65.Be4 Be8 66.Bf3  1-0

[Event "21st Belgrade Trophy"]
[Site "Obrenovac SRB"]
[Date "2008.11.29"]
[Round "3"]
[White "Martic,I"]
[Black "Abramovic,B"]
[Result "0-1"]
[WhiteElo "2308"]
[BlackElo "2484"]

1.e4 e5 2.Nf3 Nc6 3.Bb5 a6 4.Ba4 Nf6 5.O-O Be7 6.Re1 b5 7.Bb3 d6 8.c3 O-O
9.h3 Nb8 10.d4 Nbd7 11.Nbd2 Bb7 12.Bc2 Re8 13.Nf1 Bf8 14.Ng3 c6 15.b3 Qc7
16.Rb1 Rad8 17.Bd2 g6 18.Qc1 Bg7 19.Bh6 Bh8 20.Qg5 d5 21.Qh4 dxe4 22.Nxe4 Nxe4
23.Bxe4 exd4 24.cxd4 Bf6 25.Bg5 Qd6 26.Rbc1 Bxg5 27.Qxg5 Kg7 28.Nh4 Qf6 29.Qg3 Nf8
30.Re3 Kg8 31.Rf3 Qd6 32.Qg4 Bc8 33.Bf5 Ne6 34.Nxg6 fxg6 35.Bxg6 Ng7 36.Bf7+ Kh8
37.Qh4 Nf5 38.Qg5 Rf8 39.Bh5 Nxd4 40.Re3 Qf6 41.Qxf6+ Rxf6 42.Re7 Re6 43.Rc7 Re5  0-1

[Event "TCh-SLO"]
[Site "Murska Sobota SLO"]
[Date "2008.12.06"]
[Round "1"]
[White "Kovacevic,A"]
[Black "Borisek,J"]
[Result "1/2-1/2"]
[WhiteElo "2581"]
[BlackElo "2548"]

1.e4 e5 2.Nf3 Nc6 3.Bb5 a6 4.Ba4 Nf6 5.O-O Be7 6.Re1 Bf8 7.Rf1 Be7 8.Re1 b5
9.Bb3 d6 10.c3 O-O 11.h3 Nb8 12.d4 Nbd7 13.Nbd2 Bb7 14.Bc2 Re8 15.Nf1 Bf8
16.Ng3 c6 17.Nf5 Qc7 18.dxe5 dxe5 19.Nh2 c5 20.Ng4 c4 21.Bg5 Nxg4 22.Qxg4 Kh8
23.Rad1 Nc5 24.Ne3 f6 25.Bh4 Rad8 26.Nd5 Qf7 27.b4 Nd3 28.Bxd3 Bxd5 29.Bc2 Be6
30.Qe2 a5 31.a3 Qa7 32.Rxd8 Rxd8 33.Rd1 Ra8 34.Kh2 axb4 35.axb4 Qa3 36.Qe3 Qb2
37.Rd2 Qc1 38.f3 Bg8 39.Re2 Qa1 40.Be1 Ra2 41.Qb6 Qc1 42.Qd8 Bxb4 43.cxb4 Rxc2
44.Rxc2 Qxc2 45.Bh4  1/2-1/2

[Event "ch-RUS w Superfinal"]
[Site "Moscow RUS"]
[Date "2008.12.07"]
[Round "3"]
[White "Shadrina,T"]
[Black "Kosintseva,T"]
[Result "1-0"]
[WhiteElo "2429"]
[BlackElo "2513"]

1.e4 e5 2.Nf3 Nc6 3.Bb5 a6 4.Ba4 Nf6 5.O-O Be7 6.Re1 b5 7.Bb3 d6 8.c3 O-O
9.h3 Nb8 10.d4 Nbd7 11.Nbd2 Bb7 12.Bc2 Re8 13.Nf1 Bf8 14.Ng3 g6 15.a4 c5
16.d5 c4 17.Bg5 h6 18.Be3 Nc5 19.Qd2 h5 20.Bg5 Be7 21.Ra3 Nfd7 22.Be3 Bf6
23.Rea1 Qe7 24.Qd1 Reb8 25.Nf1 Qd8 26.N1d2 Qc7 27.R1a2 Nb6 28.axb5 axb5 29.Qa1 Rxa3
30.Rxa3 Nba4 31.Qa2 Rc8 32.Qb1 Qd7 33.Qa1 Qe7 34.b3 cxb3 35.Nxb3 Nxb3 36.Rxb3 Qc7
37.Bd2 Ba6 38.Ra3 Rb8 39.Ne1 Rb6 40.Nd3 Bc8 41.Bxa4 bxa4 42.Rxa4 Bd7 43.Ra8+ Kg7
44.Nb4 Rb7 45.Qa5 Qxa5 46.Rxa5 Bd8 47.Ra6 Bc7 48.c4 Kf8 49.Kf1 Ke7 50.Ke2 Bb6
51.Nd3 Bc7 52.Bb4 Bb8 53.Kd2 Bc8 54.Nxe5 Rxb4 55.Nc6+ Kf6 56.Nxb4 Bxa6 57.Nxa6 Ba7
58.f4 g5 59.fxg5+ Kxg5 60.Nb4 Kf4 61.e5 dxe5 62.d6 Kg3 63.Nd5  1-0

[Event "1st Asian Clubs"]
[Site "Al Ain UAE"]
[Date "2008.12.29"]
[Round "5"]
[White "Ahmad,Az"]
[Black "Gameel,M"]
[Result "0-1"]
[WhiteElo "2345"]
[BlackElo "2178"]

1.e4 e5 2.Nf3 Nc6 3.Bb5 a6 4.Ba4 Nf6 5.O-O Be7 6.Re1 b5 7.Bb3 d6 8.c3 O-O
9.h3 Nb8 10.d4 Nbd7 11.Nbd2 Bb7 12.a4 c5 13.Bc2 exd4 14.cxd4 Re8 15.e5 dxe5
16.dxe5 Nd5 17.Ne4 Nf8 18.Qe2 Nb4 19.Bb1 Bc6 20.a5 Bd5 21.Rd1 Qc7 22.Bf4 Bc4
23.Qd2 Qc6 24.Qc1 Ne6 25.Bg3 Be2 26.Rd2 Bxf3 27.gxf3 Nd4 28.Ra3 Qe6 29.Nxc5 Rac8
30.Rxd4 Bxc5 31.Qd2 Bxd4 32.Qxd4 Rc1+ 33.Kg2 Rxb1 34.Qxb4 Qd5 35.Qd6 Qc4
36.Rd3 Qc1 37.Bh2 h6 38.f4 Qf1+ 39.Kf3 Rxb2 40.Bg3 Qxh3  0-1

[Event "46th ch-IND National A"]
[Site "Mangalore IND"]
[Date "2008.12.30"]
[Round "13"]
[White "Konguvel,P"]
[Black "Thipsay,P"]
[Result "1/2-1/2"]
[WhiteElo "2463"]
[BlackElo "2444"]

1.e4 e5 2.Nf3 Nc6 3.Bb5 a6 4.Ba4 Nf6 5.O-O Be7 6.Re1 b5 7.Bb3 d6 8.c3 O-O
9.h3 Nb8 10.d4 Nbd7 11.Nbd2 Bb7 12.Bc2 Re8 13.a4 Bf8 14.Bd3 c6 15.b3 g6 16.Bf1 Bg7
17.Qc2 Qc7 18.Bb2 Rac8 19.Rad1 Qb8 20.dxe5 dxe5 21.b4 Nb6 22.a5 Na4 23.c4 Nxb2
24.Qxb2 Rcd8 25.Qb1 Bf8 26.c5 Bc8 27.Bd3 Nh5 28.Bc2 Nf4 29.Bb3 Bh6 30.Nf1 Qc7
31.Qc2 Qe7 32.Ne3 Bg7 33.h4 Bf6 34.g3 Ne6 35.Nd5 cxd5 36.exd5 Ng7 37.d6 Qf8
38.Nd2 Ne6 39.Ne4 Bg7 40.Bd5 Nd4 41.Qc3 h6 42.c6 Kh7 43.d7 Bxd7 44.cxd7 Rxd7
45.Bb3 f5 46.Nc5 Rd6 47.h5 e4 48.hxg6+ Kxg6 49.Kg2 Nf3 50.Qc2 Nxe1+ 51.Rxe1 Kh7
52.Rd1 Kh8 53.Qe2 Rxd1 54.Qxd1 e3 55.fxe3 Rxe3 56.Ne6 Qf6 57.Nc5 Qg5 58.Qd6 Re2+
59.Kf1 Re8 60.Be6 Qc1+ 61.Kg2 Qb2+ 62.Kh3 Qb1 63.Bd5 Qxb4 64.Qd7 Qg4+ 65.Kg2 Qe2+
66.Kh3 Qe7 67.Qc6 f4 68.Qg6 Qf8 69.Ne6 Rxe6 70.Bxe6 fxg3 71.Bf5 Qg8 72.Qxa6 g2
73.Qg6 Bf8 74.Qxg8+ Kxg8 75.Kxg2 Bc5 76.a6  1/2-1/2

[Event "1st Asian Clubs"]
[Site "Al Ain UAE"]
[Date "2008.12.31"]
[Round "7"]
[White "Esenov,An"]
[Black "Amin,B"]
[Result "1/2-1/2"]
[WhiteElo "2319"]
[BlackElo "2560"]

1.e4 e5 2.Nf3 Nc6 3.Bb5 a6 4.Ba4 Nf6 5.O-O Be7 6.Re1 b5 7.Bb3 d6 8.c3 O-O
9.h3 Nb8 10.d4 Nbd7 11.Nbd2 Bb7 12.Bc2 Re8 13.Nf1 Bf8 14.Ng3 g6 15.a4 c5
16.d5 c4 17.Nh2 h5 18.Bg5 Be7 19.Be3 Nc5 20.a5 Qc8 21.Qf3 Nh7 22.Qe2 Kh8
23.Kh1 Qc7 24.f4 exf4 25.Bxf4 Bf6 26.Qd2 h4 27.Ngf1 g5 28.Be3 Nxe4 29.Bxe4 Rxe4
30.Ng4 Bg7 31.Bxg5 Rxe1 32.Rxe1 Qc5 33.Bxh4 Qxd5 34.Qxd5 Bxd5 35.Rd1 Be4
36.Rxd6 b4 37.Nd2 bxc3 38.bxc3 Bd3 39.Ne3 Re8 40.Rd8 Rxd8 41.Bxd8 Bxc3 42.Ndxc4 Nf6
43.Kh2 Ne4 44.g4 Kg8 45.h4 Be2 46.Kg2 Kf8 47.h5 f6 48.Bc7 Kg8 49.Bb6 Kh7
50.Na3 Kh6 51.Nb1 Bb2 52.Nd5 Bd3 53.Be3+ Kg7 54.Nb4 Bxb1 55.Nxa6 Nd6 56.g5 f5
57.Nc7 Nc4 58.Bb6 Bc3 59.Nb5 Be4+ 60.Kh3 Bd2 61.Bd4+ Kh7 62.g6+ Kh6 63.a6 Bf4
64.a7 Bb7 65.Bc5 Kg7 66.Nd4 Kf6 67.g7 Kf7 68.Nxf5 Be4 69.Kg4 Bc1 70.h6 Bxh6
71.Nxh6+ Kxg7 72.Kf4 Ba8 73.Kg5 Bb7 74.Nf5+ Kf7  1/2-1/2

[Event "Australian Open"]
[Site "Manly Sydney AUS"]
[Date "2009.01.11"]
[Round "11"]
[White "Schon,E"]
[Black "Rej,T"]
[Result "1-0"]
[WhiteElo "2115"]
[BlackElo "2330"]

1.e4 e5 2.Nf3 Nc6 3.Bb5 a6 4.Ba4 Nf6 5.O-O Be7 6.Re1 b5 7.Bb3 O-O 8.h3 d6
9.c3 Nb8 10.d4 Nbd7 11.Nbd2 Bb7 12.Bc2 Re8 13.Nf1 Bf8 14.Ng3 g6 15.a4 c5
16.d5 c4 17.Bg5 h6 18.Be3 Nc5 19.Qd2 h5 20.Bg5 Be7 21.Ra3 Nfd7 22.Be3 Rb8
23.Rea1 Qc7 24.Bg5 Bxg5 25.Qxg5 Qd8 26.Qh6 Qf6 27.axb5 axb5 28.Ra5 Qf4 29.Ng5 Nf8
30.Nf5 gxf5 31.exf5 f6 32.Qxf6 Bxd5 33.Rd1 Nd3 34.Bxd3 cxd3 35.Ra7 Bb7 36.Qf7+ Kh8
37.Qxh5+ Kg8 38.Qf7+ Kh8 39.Qf6+ Kg8 40.Rxd3 Ra8 41.Rxa8 Rxa8 42.Rg3 Bd5
43.Ne6+ Qxg3 44.fxg3  1-0

[Event "ch-CUB"]
[Site "Las Tunas CUB"]
[Date "2009.01.20"]
[Round "1"]
[White "Martinez,Lel"]
[Black "Blanco,H"]
[Result "1-0"]
[WhiteElo "2485"]
[BlackElo "2434"]

1.e4 e5 2.Nf3 Nc6 3.Bb5 a6 4.Ba4 Nf6 5.O-O Be7 6.Re1 b5 7.Bb3 d6 8.c3 O-O
9.h3 Nb8 10.d4 Nbd7 11.Nbd2 Bb7 12.Bc2 Re8 13.Nf1 Bf8 14.Ng3 g6 15.a4 c5
16.d5 c4 17.Bg5 h6 18.Be3 Nc5 19.Qd2 h5 20.Bg5 Be7 21.Ra3 Nfd7 22.Bh6 Bf8
23.axb5 axb5 24.Rxa8 Bxa8 25.Bxf8 Nxf8 26.Qe3 Bb7 27.Rb1 Qc7 28.Nd2 Ra8 29.f4 exf4
30.Qxf4 Bc8 31.Kh2 Ncd7 32.Qg5 Nh7 33.Qe7 Ra7 34.Nf3 Ndf6 35.Qxc7 Rxc7 36.Ra1 Bd7
37.Ne2 Rb7 38.Ned4 Ne8 39.Nc6 Nc7 40.Nfd4 Nf6 41.Nd8 Rb8 42.Ra7 Rxd8 43.Rxc7 Ra8
44.Rb7 Ra2 45.Rb6 Ne8 46.b3 cxb3 47.Bxb3 Ra3 48.Kg3 Kf8 49.Kf4 Ke7 50.Rb8 f6
51.Ke3 h4 52.Kd3 Ra1 53.Nc6+ Bxc6 54.dxc6 Nc7 55.Rc8 Ra7 56.Rh8 Ra6 57.Rh7+ Kd8
58.Rd7+ Kc8 59.Rxd6 Ne8 60.Re6 Kd8 61.Kd4 Ra1 62.Bd5 Rc1 63.e5 fxe5+ 64.Rxe5 Nc7
65.Bf3 Rc2 66.Kd3 Rb2 67.Re4 Kc8 68.Rxh4 Kb8 69.Rh6 Ne6 70.Rh7 Nf4+ 71.Ke3 Ne6
72.Rb7+  1-0

[Event "ch-CUB"]
[Site "Las Tunas CUB"]
[Date "2009.01.22"]
[Round "3"]
[White "Quezada Perez,Y"]
[Black "Blanco,H"]
[Result "1-0"]
[WhiteElo "2590"]
[BlackElo "2434"]

1.e4 e5 2.Nf3 Nc6 3.Bb5 a6 4.Ba4 Nf6 5.O-O Be7 6.Re1 b5 7.Bb3 d6 8.c3 O-O
9.h3 Nb8 10.d4 Nbd7 11.Nbd2 Bb7 12.Bc2 Re8 13.Nf1 Bf8 14.Ng3 g6 15.b3 c6
16.Bg5 Bg7 17.Qd2 Qe7 18.a4 Qf8 19.Rad1 d5 20.dxe5 Nxe5 21.Nxe5 Rxe5 22.f4 Ree8
23.e5 Nd7 24.Kh2 Nc5 25.Qf2 Ne6 26.Bf6 Qc5 27.Qf3 Bxf6 28.exf6 Qd6 29.f5 Ng5
30.Qg4 Rxe1 31.Rxe1 Qxf6 32.h4 Ne4 33.Bxe4 dxe4 34.fxg6 hxg6 35.Nxe4 Qe5+
36.Qg3 Qxg3+ 37.Kxg3 Rd8 38.Nc5 Bc8 39.a5 Kf8 40.b4 Rd2 41.Kf3 Rc2 42.Re3 Rc1
43.g3 Rc2 44.Kf4 Rf2+ 45.Ke5 Ke7 46.Kd4+ Kd8 47.Nd3 Rd2 48.Ke5 Ke7 49.Kf4+ Kf8
50.Ne5 Rd6 51.g4 Be6 52.h5 gxh5 53.gxh5 Bc8 54.Nf3 Rf6+ 55.Kg3 Be6 56.Ng5 Rh6
57.Nxe6+ fxe6 58.Kg4 Kg7 59.Re5 Rf6 60.Rc5 e5 61.Rxe5 Kh6 62.Rf5 Re6 63.Kf4 Rd6
64.Ke4 Kh7 65.Rg5 Re6+ 66.Kd4 Rd6+ 67.Kc5 Rd3 68.Kxc6 Rxc3+ 69.Kb6  1-0

[Event "1st Open"]
[Site "Gurgon IND"]
[Date "2009.01.25"]
[Round "6"]
[White "Thipsay,P"]
[Black "Anwesh,U"]
[Result "1/2-1/2"]
[WhiteElo "2453"]
[BlackElo "2269"]

1.e4 e5 2.Nf3 Nc6 3.Bb5 a6 4.Ba4 Nf6 5.O-O Be7 6.Re1 b5 7.Bb3 d6 8.c3 O-O
9.h3 Nb8 10.d4 Nbd7 11.a4 Bb7 12.Nbd2 c5 13.Bc2 Re8 14.d5 c4 15.b3 cxb3 16.Nxb3 Qc7
17.Bd2 bxa4 18.Rxa4 Nb6 19.Ra1 Nc4 20.Bd3 Nxd2 21.Qxd2 Reb8 22.Na5 Nd7 23.Qc2 Nc5
24.Nd2 Bd8 25.Be2 Qe7 26.Ndc4 Bxa5 27.Nxa5 Qc7 28.Reb1 Bc8 29.Rb4 Bd7 30.Ra2 g6
31.Nb3 Nxb3 32.Qxb3 Rxb4 33.cxb4 Qc1+ 34.Qd1 Qxd1+  1/2-1/2

[Event "7th Gibtelecom Masters"]
[Site "Caleta ENG"]
[Date "2009.01.27"]
[Round "1"]
[White "Nithander,V"]
[Black "Roiz,M"]
[Result "1/2-1/2"]
[WhiteElo "2369"]
[BlackElo "2647"]

1.e4 e5 2.Nf3 Nc6 3.Bb5 a6 4.Ba4 Nf6 5.O-O Be7 6.Re1 b5 7.Bb3 d6 8.c3 O-O
9.h3 Nb8 10.d4 Nbd7 11.Nbd2 Bb7 12.Bc2 Re8 13.Nf1 Bf8 14.Ng3 g6 15.a4 Bg7
16.d5 Qb8 17.b3 c6 18.c4 bxc4 19.bxc4 a5 20.Rb1 Qc7 21.Be3 Ba6 22.Bd3 Nc5
23.Bxc5 dxc5 24.Bf1 Red8 25.Qd2 Ne8 26.Qe3 Bf8 27.h4 Rab8 28.Rxb8 Rxb8 29.dxc6 Qxc6
30.Nxe5 Qc7  1/2-1/2

[Event "1st Open"]
[Site "Gurgon IND"]
[Date "2009.01.28"]
[Round "9"]
[White "Ismagambetov,An"]
[Black "Djuraev,S"]
[Result "1-0"]
[WhiteElo "2523"]
[BlackElo "2353"]

1.e4 e5 2.Nf3 Nc6 3.Bb5 a6 4.Ba4 Nf6 5.O-O Be7 6.Re1 b5 7.Bb3 d6 8.c3 O-O
9.h3 Nb8 10.d4 Nbd7 11.Nbd2 Bb7 12.Bc2 Re8 13.a4 c6 14.Bd3 Qc7 15.b4 g6 16.Bb2 exd4
17.cxd4 d5 18.e5 Nh5 19.Bc3 Nf4 20.Bf1 Nb6 21.g3 Ne6 22.a5 Nc4 23.Bd3 Rad8
24.Nf1 Bc8 25.Qc2 Ng7 26.h4 Rf8 27.N1h2 f6 28.exf6 Rxf6 29.Re2 Rdf8 30.Rae1 Bd6
31.Ne5 Bxe5 32.dxe5 Re6 33.Ng4 c5 34.Nf6+ Rexf6 35.exf6 Nf5 36.Re7 Qc6 37.Bxf5 Bxf5
38.Rg7+ Kh8 39.Ree7 Rxf6 40.Qe2 Be4 41.Rxh7+ Kg8 42.Reg7+ Kf8 43.Rc7  1-0

[Event "1st Open"]
[Site "Gurgon IND"]
[Date "2009.01.28"]
[Round "9"]
[White "Mehar,C"]
[Black "Safin,S"]
[Result "1-0"]
[WhiteElo "2246"]
[BlackElo "2518"]

1.e4 e5 2.Nf3 Nc6 3.Bb5 a6 4.Ba4 Nf6 5.O-O Be7 6.Re1 b5 7.Bb3 d6 8.c3 O-O
9.h3 Nb8 10.d4 Nbd7 11.Nbd2 Bb7 12.Bc2 Re8 13.Nf1 Bf8 14.Ng3 g6 15.a4 c5
16.d5 c4 17.Bg5 Be7 18.Qd2 Nc5 19.Bh6 Nfd7 20.a5 Bc8 21.Ra3 Bf8 22.Bg5 Be7
23.Bh6 Nb7 24.Rea1 Ndc5 25.Nh2 Bh4 26.Nf3 Bf6 27.Nh2 Bg7 28.Bg5 f6 29.Be3 Rf8
30.Qe2 Qe7 31.Rf1 Qc7 32.Kh1 Bd7 33.f4 exf4 34.Bxf4 Nxa5 35.Rxa5 Qxa5 36.Bxd6 Qb6
37.Bxf8 Rxf8 38.Qf2 Qd6 39.Nf3 a5 40.Rd1 Bh6 41.Nd4 Bf4 42.Nge2 Be5 43.Ra1 Qb6
44.Nf3 Bc7 45.Qd4 Qd6 46.Rd1 Re8 47.Rf1 Nxe4 48.Bxe4 f5 49.Bxf5 Bxf5 50.Neg1 Bd3
51.Rd1 Re4 52.Qa7 Re7 53.Qa8+ Kg7 54.Qc6 b4 55.Ra1 Qg3 56.Qc5 Bd6 57.Qxa5 bxc3
58.Qxc3+ Kh6 59.b3 Be4 60.bxc4 Bxf3 61.Nxf3 Re2 62.Qc1+ Bf4 63.Qg1 Rc2 64.c5 g5
65.Nd4  1-0

[Event "1st Open"]
[Site "Gurgon IND"]
[Date "2009.01.29"]
[Round "10"]
[White "Solodovnichenko,Y"]
[Black "Anwesh,U"]
[Result "1/2-1/2"]
[WhiteElo "2571"]
[BlackElo "2269"]

1.e4 e5 2.Nf3 Nc6 3.Bb5 a6 4.Ba4 Nf6 5.O-O Be7 6.Re1 b5 7.Bb3 d6 8.c3 O-O
9.h3 Nb8 10.d4 Nbd7 11.Nbd2 Bb7 12.Bc2 Re8 13.a4 c5 14.d5 c4 15.b3 cxb3 16.Nxb3 Qc7
17.Qd3 Rec8 18.axb5 axb5 19.Bd2 b4 20.c4 Qxc4 21.Qxc4 Rxc4 22.Bd3 Rcc8 23.Bxb4 Rab8
24.Na5 Ba8 25.Rab1 Ne8 26.Nd2 f5 27.Nc6 Bxc6 28.dxc6 Rxc6 29.exf5 Rcb6 30.Ba3 Rxb1
31.Bxb1 Kf8 32.Nc4 Nb6 33.Ba2 Nxc4 34.Bxc4 Ra8 35.Bb2 Rb8 36.Re2 Rb4 37.Rc2 Rb7
38.Bd5 Rc7 39.Re2 Rc5 40.Ba2 Ra5 41.Bc3 Rc5 42.Be1 Nc7 43.g3 Nb5 44.Rb2 e4
45.Be6 Bf6 46.Re2 Rc1 47.Kg2 Bc3 48.Bxc3 Nxc3 49.Rb2 Ke7 50.g4 Kf6 51.h4 Ke5
52.Rb7 Ne2 53.Rxg7 Nf4+ 54.Kh2 Rc2 55.Kg3 Rc3+ 56.Kh2 Rc2 57.Kg3 Ne2+ 58.Kg2 Nf4+
59.Kg3  1/2-1/2

[Event "ch-PriFO"]
[Site "Kazan RUS"]
[Date "2009.01.29"]
[Round "9"]
[White "Geller,J"]
[Black "Khairullin,I"]
[Result "1/2-1/2"]
[WhiteElo "2523"]
[BlackElo "2574"]

1.e4 e5 2.Nf3 Nc6 3.Bb5 a6 4.Ba4 Nf6 5.O-O Be7 6.Re1 b5 7.Bb3 d6 8.c3 O-O
9.h3 Nb8 10.d4 Nbd7 11.Nbd2 Bb7 12.Bc2 Re8 13.a4 Bf8 14.Bd3 c6 15.b3 g6 16.Bb2 Rc8
17.Bf1 exd4 18.cxd4 d5 19.e5 Nh5 20.Nh2 Nf4 21.Qg4 Ne6 22.Ndf3 b4 23.Rad1 h5
24.Qg3 c5 25.dxc5 Ndxc5 26.Nd4 Qg5 27.Qf3 Ne4 28.Nxe6  1/2-1/2

[Event "7th Gibtelecom Masters"]
[Site "Caleta ENG"]
[Date "2009.02.03"]
[Round "8"]
[White "Fruebing,S"]
[Black "Sandipan,C"]
[Result "0-1"]
[WhiteElo "2307"]
[BlackElo "2568"]

1.e4 e5 2.Nf3 Nc6 3.Bb5 a6 4.Ba4 Nf6 5.O-O Be7 6.Re1 b5 7.Bb3 d6 8.c3 O-O
9.h3 Nb8 10.d4 Nbd7 11.Nbd2 Bb7 12.Bc2 Re8 13.Nf1 Bf8 14.d5 c6 15.dxc6 Bxc6
16.Bg5 h6 17.Bh4 Qc7 18.N3d2 d5 19.exd5 Nxd5 20.Ne3 Nf4 21.Ne4 Nc5 22.Nf5 Nxe4
23.Bxe4 Bxe4 24.Rxe4 Qc8 25.Nd6 Qc6 26.Rxf4 exf4 27.Nxe8 Rxe8 28.f3 Qc4 29.b3 Qxc3
30.Rc1 Bc5+ 31.Bf2 Bxf2+ 32.Kxf2 Qf6 33.Rc2 Rd8 34.Rd2 Rxd2+ 35.Qxd2 g5 36.Kg1 Kg7
37.Kh2 Qe5 38.Kh1 h5 39.Qc2 g4 40.hxg4 hxg4 41.fxg4 Qe1+ 42.Kh2 Qg3+ 43.Kh1 Qxg4
44.Qc3+ Kg6 45.Qc2+ Kg5 46.Qc5+ Qf5 47.Qe7+ Kg4 48.Kh2 f3 49.Qe1 f2 50.Qe2+ Kg5
51.Qe7+ Kg6  0-1

[Event "TCh-BEL 2008-9"]
[Site "Belgium BEL"]
[Date "2009.02.15"]
[Round "9"]
[White "David,Alb"]
[Black "Postny,E"]
[Result "0-1"]
[WhiteElo "2585"]
[BlackElo "2674"]

1.e4 e5 2.Nf3 Nc6 3.Bb5 a6 4.Ba4 Nf6 5.O-O Be7 6.Re1 b5 7.Bb3 d6 8.c3 O-O
9.h3 Nb8 10.d4 Nbd7 11.Nbd2 Bb7 12.Bc2 Re8 13.Nf1 Bf8 14.Ng3 g6 15.a4 c5
16.d5 c4 17.Bg5 Be7 18.Be3 Qc7 19.Nh2 Reb8 20.f4 exf4 21.Bxf4 Ne5 22.Nf3 Nxf3+
23.Qxf3 Nd7 24.Rf1 Bf8 25.Ne2 Ne5 26.Qg3 Bg7 27.Kh1 Bc8 28.Nd4 b4 29.Nc6 bxc3
30.bxc3 Rb2 31.Bxe5 dxe5 32.Rf2 Bb7 33.Nd4 Qa5 34.Nc6 Qc7 35.Nd4 Qc5 36.Nc6 Bxc6
37.dxc6 Qxc6 38.Rd1 Rf8 39.Qh4 Qb6 40.Re2 Bf6 41.Qe1 Bg5 42.Rd5 Bf4 43.a5 Qf6
44.Bd3 Rfb8 45.Bxc4 Rb1 46.Rd1 Rxd1 47.Qxd1 Qc6 48.Bd5 Qxc3 49.Bxf7+ Kg7
50.Ba2 Qg3 51.Qg1 Rc8 52.Re1 Rc2 53.Bd5 Rxg2 54.Qxg2 Qxe1+ 55.Qg1 Qxa5 56.Qa7+ Kh6
57.Qf2 Qc7 58.Kg2 a5 59.Qh4+ Kg7 60.Qg4 Qc2+ 61.Kf1 Qd3+ 62.Kg2 h5  0-1

[Event "81st ch-StP"]
[Site "St Petersburg RUS"]
[Date "2009.02.21"]
[Round "5"]
[White "Matlakov,M"]
[Black "Khruschiov,A"]
[Result "1/2-1/2"]
[WhiteElo "2487"]
[BlackElo "2498"]

1.e4 e5 2.Nf3 Nc6 3.Bb5 a6 4.Ba4 Nf6 5.O-O Be7 6.Re1 b5 7.Bb3 O-O 8.c3 d6
9.h3 Nb8 10.d4 Nbd7 11.Nbd2 Bb7 12.Bc2 Re8 13.a4 c5 14.d5 c4 15.Nf1 Nc5 16.Ng3 g6
17.Be3 Qc7 18.Nh2 h5 19.Nf3 Reb8 20.Qe2 Bc8 21.Ra2 Bd7 22.axb5 axb5 23.Rea1 Rxa2
24.Rxa2 Qc8 25.Qd1  1/2-1/2

[Event "10th EICC"]
[Site "Budva MNE"]
[Date "2009.03.11"]
[Round "6"]
[White "Georgiadis,I"]
[Black "Wells,P"]
[Result "1/2-1/2"]
[WhiteElo "2383"]
[BlackElo "2513"]

1.e4 e5 2.Nf3 Nc6 3.Bb5 a6 4.Ba4 Nf6 5.O-O Be7 6.Re1 b5 7.Bb3 d6 8.c3 O-O
9.h3 Nb8 10.d4 Nbd7 11.Nbd2 Bb7 12.Bc2 c5 13.d5 c4 14.Nf1 Qc7 15.Ng3 Rfb8
16.Nh2 Bc8 17.Rf1 Nc5 18.f4 a5 19.f5 b4 20.Ng4 Ncd7 21.Ba4 Nxg4 22.hxg4 Qb6+
23.Kh2 Qd8 24.Nh5 Nf6 25.g5 Nxh5 26.Qxh5 Bd7 27.Bxd7 Qxd7 28.g6 fxg6 29.fxg6 hxg6
30.Qxg6 Rf8 31.Bd2 b3 32.axb3 cxb3 33.Kg3 Rf6 34.Rxf6 Bxf6 35.c4 a4 36.Bb4 Rc8
37.Rf1 Qf7 38.Qf5 Rxc4 39.Bxd6 Rc2 40.Ba3 Qa7 41.Qe6+ Qf7 42.Rd1 Bd8 43.Rf1 Bf6
44.Rd1 Bd8 45.Rd3 Bf6 46.Qxf7+ Kxf7 47.d6 Rc4 48.Kf3 Ke6 49.Rd5 Rd4 50.Ra5  1/2-1/2